=LDR 00000nam 2200000 4500 =001 NUTBA000000000001545 =005 20140502181236.0 =006 =007 =008 =035 ##$$a 0010-051400000000010 =082 ##$$a 265.85 =100 ##$$a P.FRANS HARJAWIYATA =245 ##$$a UPACARA PEMAKAMAN =260 ##$$a KUPANG $b ARNOLDUS ENDE $c 1976 =300 ##$$a 202, HLM $c 20 CM =990 ##$$a 21195772/BPAP-NTB/2014